| 000 | 00538nam a2200181Ia 4500 | ||
|---|---|---|---|
| 001 | 20643 | ||
| 005 | 20260306172821.0 | ||
| 008 | 260306t2019||||xx |||||||||||||| ||spa|| | ||
| 041 | _aESP | ||
| 082 |
_a343.6 _bD69 |
||
| 100 |
_aDíaz Guevara, Juan José _eAUT |
||
| 245 | 0 |
_aLa responsabilidad administrativa funcional derivada del control gubernamental: _banálisis y descripción metodológica-jurisprudencial |
|
| 260 | _c2019 | ||
| 300 |
_a325 páginas : _c25 cm. |
||
| 650 | _aGEN | ||
| 654 | _aCDE | ||
| 942 |
_cLIB _dJUS _fJUS _2ddc _n |
||
| 999 |
_c20643 _d20643 |
||